Estrategias docentes con tecnologías: guía práctica (Registro nro. 11115)
[ vista simple ]
| 000 -Cabecera | |
|---|---|
| Campo de control de longitud fija | 00752nam a22002777a 4500 |
| 005 - Fecha y hora de la última transacción | |
| Campo de control | 20260430145602.0 |
| 008 - Elementos de longitud fija--Información general | |
| Campo de control de longitud fija | 180917b2013 xxu||||| |||| 00| 0 spa d |
| 020 ## - International Standard Book Number | |
| Número Internacional Estándar del Libro (ISBN) | 9786073214919 |
| 041 ## - Idioma | |
| Código de idioma | Español |
| 082 ## - Clasificación Decimal Dewey | |
| Número de clasificación | 371.335 P397e |
| 100 ## - Entrada principal--Autor personal | |
| Nombre personal | Peñalosa Castro, Eduardo |
| 9 (RLIN) | 49689 |
| 245 ## - Título propiamente dicho | |
| Título | Estrategias docentes con tecnologías: guía práctica |
| 260 ## - Pie de imprenta | |
| Lugar de publicación, distribución, etc. | México |
| 260 ## - Pie de imprenta | |
| Nombre del editor, distribuidor, etc. | Pearson |
| 260 ## - Pie de imprenta | |
| Fecha de publicación, distribución, etc. | 2013 |
| 300 ## - Descripción física | |
| Extensión | 184 páginas |
| 490 ## - Serie | |
| Título de la Serie | Tecnologías de la Información |
| 650 ## - Materia general | |
| Temática (materia general) | EDUCACIÓN |
| 650 ## - Materia general | |
| Temática (materia general) | ENSEÑANZA |
| 650 ## - Materia general | |
| Temática (materia general) | TECNOLOGÍAS DE LA INFORMACIÓN |
| 650 ## - Materia general | |
| Temática (materia general) | COMUNICACIÓN |
| 650 ## - Materia general | |
| Temática (materia general) | APRENDIZAJE |
| 650 ## - Materia general | |
| Temática (materia general) | HERRAMIENTAS DIGITALES |
| 650 ## - Materia general | |
| Temática (materia general) | MEDIOS DE ENSEÑANZA |
| 942 ## - Punto de acceso adicional KOHA | |
| Tipo de ítem KOHA | Libro |
| Fuente del sistema de clasificación o colocación | Dewey Decimal Classification |
| Signatura completa | Código de barras | Programa Académico | Tipo de ítem |
|---|---|---|---|
| 371.335 P397e | 23511 | Tecnologías de Información | Libro |